Camus / (Record no. 184156)

MARC details
000 -LEADER
campo de control de longitud fija 00780nam a2200253 i 4500
001 - NÚMERO DE CONTROL
campo de control 184156
003 - IDENTIFICADOR DE NÚMERO DE CONTROL
campo de control ES-MaACL
005 - FECHA Y HORA DE LA ÚLTIMA TRANSACCIÓN
campo de control 20250605114226.0
008 - DATOS DE LONGITUD FIJA--INFORMACIÓN GENERAL
campo de control de longitud fija 150401s1963 sp |||| |dspa d
080 ## - NÚMERO DE LA CLASIFICACIÓN DECIMAL UNIVERSAL
Número de la Clasificación Decimal Universal 929 Camus, Albert
100 1# - ENTRADA PRINCIPAL--NOMBRE DE PERSONA
Nombre de persona Luppé, Robert de.
9 (RLIN) 156644
245 10 - MENCIÓN DEL TÍTULO
Título Camus /
Mención de responsabilidad, etc. Robert de Luppé ; [traducción... de Juan Bris Montes].
246 34 - FORMA VARIANTE DEL TITULO
Título propio/Titulo breve Albert Camus
250 ## - MENCION DE EDICION
Mención de edición 1ª ed.
260 ## - PUBLICACIÓN, DISTRIBUCIÓN, ETC.
Lugar de publicación, distribución, etc. Barcelona :
Nombre del editor, distribuidor, etc. Fontanella,
Fecha de publicación, distribución, etc. 1963.
300 ## - DESCRIPCIÓN FÍSICA
Extensión 172 p. ;
Dimensiones 17 cm.
490 1# - MENCIÓN DE SERIE
Mención de serie Testigos del siglo XX ;
Designación de volumen o secuencia 5
599 ## - NOTA A LAS ILUSTRACIONES
NOTA A LAS ILUSTRACIONES En cub.: retr. de Albert Camus.
600 14 - PUNTO DE ACCESO ADICIONAL DE MATERIA--NOMBRE DE PERSONA
Nombre de persona Camus, Albert,
Fechas asociadas al nombre 1913-1960
9 (RLIN) 240798
700 1# - ENTRADA AGREGADA--NOMBRE PERSONAL
Nombre de persona Bris Montes, Juan.
9 (RLIN) 173038
830 0# - PUNTO DE ACCESO ADICIONAL DE SERIE-TÍTULO UNIFORME
Título uniforme Testigos del siglo XX ;
Designación de volumen o secuencia 5
9 (RLIN) 192049
852 ## - LOCALIZACIÓN
Ubicación ES-MaACL
Número de control de estantería E-15526
Holdings
Estatus retirado Estado de pérdida Estado de daño No para préstamo Biblioteca de origen Biblioteca actual Ubicación en estantería Fecha de adquisición Fuente de adquisición Total de préstamos Signatura topográfica completa Código de barras Visto por última vez Precio de reemplazo Tipo de ítem Koha
        Biblioteca del Ateneo de Madrid Biblioteca del Ateneo de Madrid Depósito 2 01/04/2015     E-15526 1193684 23/02/2023 23/02/2023 Libro impreso